<?xml version="1.0" encoding="UTF-8"?>
<record
    xmlns:xsi="http://www.w3.org/2001/XMLSchema-instance"
    xsi:schemaLocation="http://www.loc.gov/MARC21/slim http://www.loc.gov/standards/marcxml/schema/MARC21slim.xsd"
    xmlns="http://www.loc.gov/MARC21/slim">

  <leader>01688nam a2200337 a 4500</leader>
  <controlfield tag="001">86060</controlfield>
  <controlfield tag="003">BD-RjUL</controlfield>
  <controlfield tag="005">20260104144453.0</controlfield>
  <controlfield tag="008">250104s2025    bg a     s   o000 0|eng||</controlfield>
  <datafield tag="020" ind1=" " ind2=" ">
    <subfield code="a">9789844753273</subfield>
    <subfield code="c">1000.00 BDT</subfield>
  </datafield>
  <datafield tag="035" ind1=" " ind2=" ">
    <subfield code="a">(BD-RjUL) 86060</subfield>
  </datafield>
  <datafield tag="040" ind1=" " ind2=" ">
    <subfield code="a">DLC</subfield>
    <subfield code="c">DLC</subfield>
    <subfield code="d">DLC</subfield>
    <subfield code="d">BD-RjUL</subfield>
    <subfield code="b">eng</subfield>
  </datafield>
  <datafield tag="041" ind1="0" ind2=" ">
    <subfield code="a">engben</subfield>
  </datafield>
  <datafield tag="082" ind1=" " ind2=" ">
    <subfield code="2">23</subfield>
    <subfield code="a">304.6095492</subfield>
    <subfield code="b">BAN 2025</subfield>
  </datafield>
  <datafield tag="110" ind1=" " ind2=" ">
    <subfield code="a">Bangladesh Bureau of Statistics.</subfield>
    <subfield code="9">179266</subfield>
  </datafield>
  <datafield tag="245" ind1="1" ind2="0">
    <subfield code="a">&#x99C;&#x9A8;&#x9B6;&#x9C1;&#x9AE;&#x9BE;&#x9B0;&#x9BF; &#x993; &#x997;&#x9C3;&#x9B9;&#x997;&#x9A3;&#x9A8;&#x9BE; &#x9E8;&#x9E6;&#x9E8;&#x9E8; = Population and Housing Census 2022 :</subfield>
    <subfield code="b">&#x995;&#x9AE;&#x9BF;&#x9A8;&#x9BF;&#x99F;&#x9BF; &#x9B0;&#x9BF;&#x9AA;&#x9CB;&#x9B0;&#x9CD;&#x99F; : &#x9AC;&#x9BE;&#x9A8;&#x9CD;&#x9A6;&#x9B0;&#x9AC;&#x9BE;&#x9A8; = District Report : Bandarban /</subfield>
    <subfield code="c">Bangladesh Bureau of Statistics, Statistics and Informatics Division, Ministry of Planning, Govt. of the People's Republic of Bangladesh.</subfield>
  </datafield>
  <datafield tag="246" ind1=" " ind2=" ">
    <subfield code="a">&#x99C;&#x9A8;&#x9B6;&#x9C1;&#x9AE;&#x9BE;&#x9B0;&#x9BF; &#x993; &#x997;&#x9C3;&#x9B9;&#x997;&#x9A3;&#x9A8;&#x9BE; &#x9E8;&#x9E6;&#x9E8;&#x9E8; : </subfield>
    <subfield code="b">&#x995;&#x9AE;&#x9BF;&#x989;&#x9A8;&#x9BF;&#x99F;&#x9BF; &#x9B0;&#x9BF;&#x9AA;&#x9CB;&#x9B0;&#x9CD;&#x99F; : &#x9AC;&#x9BE;&#x9A8;&#x9CD;&#x9A6;&#x9B0;&#x9AC;&#x9BE;&#x9A8;</subfield>
  </datafield>
  <datafield tag="246" ind1=" " ind2=" ">
    <subfield code="a"> Population and Housing Census 2022 :</subfield>
    <subfield code="b">Community Report : Bandarban</subfield>
  </datafield>
  <datafield tag="264" ind1=" " ind2=" ">
    <subfield code="a">Dhaka :</subfield>
    <subfield code="b">Bangladesh Bureau of Statistics, </subfield>
    <subfield code="c">2024</subfield>
  </datafield>
  <datafield tag="300" ind1=" " ind2=" ">
    <subfield code="a">xvii, 832 pages :</subfield>
    <subfield code="b">illustrations, (color) ;</subfield>
    <subfield code="c">28 cm.</subfield>
  </datafield>
  <datafield tag="336" ind1=" " ind2=" ">
    <subfield code="a">text </subfield>
    <subfield code="b"> txt</subfield>
    <subfield code="2">rdacontent</subfield>
  </datafield>
  <datafield tag="337" ind1=" " ind2=" ">
    <subfield code="a">unmediated </subfield>
    <subfield code="b">n</subfield>
    <subfield code="2">rdamedia</subfield>
  </datafield>
  <datafield tag="338" ind1=" " ind2=" ">
    <subfield code="2">rdacarrier</subfield>
    <subfield code="a">volume </subfield>
    <subfield code="b">nc</subfield>
  </datafield>
  <datafield tag="490" ind1=" " ind2=" ">
    <subfield code="a">Community Report : Bandarban</subfield>
  </datafield>
  <datafield tag="500" ind1=" " ind2=" ">
    <subfield code="a">Prefatory matter in Bengali and English.</subfield>
  </datafield>
  <datafield tag="650" ind1=" " ind2=" ">
    <subfield code="a">Housing</subfield>
    <subfield code="z">Bangladesh </subfield>
    <subfield code="x">Statistics.</subfield>
    <subfield code="9">14521</subfield>
  </datafield>
  <datafield tag="651" ind1=" " ind2=" ">
    <subfield code="a">Bangladesh</subfield>
    <subfield code="x">Population</subfield>
    <subfield code="x">Statistics.</subfield>
    <subfield code="9">3381</subfield>
  </datafield>
  <datafield tag="651" ind1=" " ind2=" ">
    <subfield code="a">Bangladesh</subfield>
    <subfield code="x">Census, 2024</subfield>
    <subfield code="9">14520</subfield>
  </datafield>
  <datafield tag="710" ind1=" " ind2=" ">
    <subfield code="a">Ministry of Planning </subfield>
    <subfield code="b"> Statistics and Informatics Division Bangladesh ; Bureau of Statistics </subfield>
    <subfield code="9">14516</subfield>
  </datafield>
  <datafield tag="942" ind1=" " ind2=" ">
    <subfield code="2">ddc</subfield>
    <subfield code="c">RAR</subfield>
  </datafield>
  <datafield tag="999" ind1=" " ind2=" ">
    <subfield code="c">86060</subfield>
    <subfield code="d">86060</subfield>
  </datafield>
  <datafield tag="952" ind1=" " ind2=" ">
    <subfield code="0">0</subfield>
    <subfield code="1">0</subfield>
    <subfield code="2">ddc</subfield>
    <subfield code="4">0</subfield>
    <subfield code="7">1</subfield>
    <subfield code="a">RUCL</subfield>
    <subfield code="b">RUCL</subfield>
    <subfield code="c">Doc/The</subfield>
    <subfield code="d">2025-10-05</subfield>
    <subfield code="e">BBS, Dhaka</subfield>
    <subfield code="l">0</subfield>
    <subfield code="o">RA 304.6095492 BAN 2025</subfield>
    <subfield code="r">2026-01-04 00:00:00</subfield>
    <subfield code="t">C-1</subfield>
    <subfield code="w">2026-01-04</subfield>
    <subfield code="y">RAR</subfield>
  </datafield>
</record>
